| 000 | 00558cam a22002291 4500 | ||
|---|---|---|---|
| 001 | sa 65004902 | ||
| 003 | DLC | ||
| 005 | 20260227112134.0 | ||
| 008 | 941012s1962 ii a 000 0 orio | ||
| 010 | _asa 65004902 | ||
| 025 | _aPL480:I-O-435 | ||
| 035 | _a(OCoLC)31273844 | ||
| 040 |
_aDLC _cCU _dCU _dDLC |
||
| 042 | _apremarc | ||
| 050 | 0 | 0 |
_aJQ283 _b.M3 |
| 100 | 1 | _aMahāpātra, Śaratacandra. | |
| 245 | 1 | 0 | _aCāriāḍe sei kathā. |
| 260 | _c1962. | ||
| 300 |
_a39 p. _bill. _c21 cm. |
||
| 500 | _aIn Oriya. | ||
| 650 | 0 | _aCivics, East Indian. | |
| 999 |
_c64003 _d64003 |
||